000
00236nam a2200097Ia 4500
001
792157
005
20250826170623.0
008
250824s9999 xx 000 0 und d
245
0
_a
26. KİLOMETRE
_c
CENGİZ ALKIŞ
260
_b
ELMA YAYINLARI
999
_c
792157
_d
792157